Statistics for 7th Generation Pokémon (Alola)

Click here to take the quiz!

General Stats

  • This quiz has been taken 989 times
    (731 since last reset)
  • The average score is 54 of 88

Answer Stats

Pokémon% Correct
Rowlet
93%
Litten
92%
Incineroar
88%
Decidueye
87%
Popplio
87%
Torracat
86%
Dartrix
83%
Lunala
83%
Primarina
83%
Brionne
81%
Solgaleo
81%
Buzzwole
74%
Pikipek
71%
Toucannon
71%
Vikavolt
71%
Cosmog
70%
Tapu Koko
70%
Tapu Lele
70%
Lycanroc
69%
Necrozma
69%
Tapu Fini
69%
Kartana
68%
Rockruff
68%
Tapu Bulu
68%
Charjabug
67%
Grubbin
67%
Guzzlord
67%
Mimikyu
67%
Trumbeak
67%
Yungoos
67%
Cosmoem
66%
Gumshoos
66%
Celesteela
64%
Pheromosa
64%
Poipole
64%
Togedemaru
63%
Kommo-o
62%
Nihilego
61%
Xurkitree
61%
Bounsweet
60%
Jangmo-o
60%
Naganadel
60%
Salazzle
60%
Stakataka
60%
Salandit
59%
Tsareena
59%
Turtonator
59%
Wishiwashi
59%
Blacephalon
58%
Hakamo-o
57%
Mudbray
57%
Mudsdale
57%
Araquanid
56%
Dewpider
56%
Fomantis
56%
Lurantis
56%
Steenee
56%
Oricorio
55%
Zeraora
55%
Crabrawler
54%
Toxapex
54%
Crabominable
53%
Cutiefly
53%
Type: Null
53%
Wimpod
53%
Drampa
52%
Golisopod
52%
Mareanie
52%
Oranguru
52%
Passimian
52%
Ribombee
52%
Bewear
51%
Silvally
51%
Bruxish
50%
Marshadow
49%
Meltan
49%
Melmetal
48%
Comfey
46%
Magearna
46%
Pyukumuku
46%
Sandygast
46%
Stufful
46%
Dhelmise
45%
Palossand
45%
Komala
42%
Minior
40%
Shiinotic
39%
Morelull
37%

Score Distribution

Percentile by Number Answered

Percent of People with Each Score

Your Score History

You have not taken this quiz since the last reset